Právna rukoväť pre každého,zvlášť pre študentov

Salvato in:
Dettagli Bibliografici
Autore principale: Horváth, Edmund (Autore)
Natura: Libro
Lingua:slovacco
Pubblicazione: Žilina : Poradca,s.r.o., 2005
Tags: Aggiungi Tag
Nessun Tag, puoi essere il primo ad aggiungerne!!

MARC

LEADER 00000nam a22000003a 4500
001 stu216228
005 20150617225711.9
008 101112s2005----xo------------------slo-d
020 |a 80-89213-06-5 
040 |a STU  |b slo 
041 0 |a slo 
044 |a xo 
100 1 |a Horváth, Edmund  |4 aut 
245 1 |a Právna rukoväť pre každého,zvlášť pre študentov 
260 |a Žilina :  |b Poradca,s.r.o.,  |c 2005 
300 |a 154 s 
996 |b 284V033952  |c V*9205/K-2298  |l VVT  |s A  |a 24  |w stu216228_0001